[Event "V Floripa Chess Open 2019"]
[Site "Florianopolis/SC"]
[Date "2019.01.23"]
[Round "4.157"]
[White "Da Silva, Marcos Henrique"]
[Black "Durante, Taina"]
[Result "0-1"]
[WhiteElo "1448"]
[BlackElo "1723"]
[PlyCount "122"]
[EventDate "2019.01.21"]
[EventRounds "10"]
[EventCountry "BRA"]

1. e4 c5 2. Nf3 d6 3. d4 cxd4 4. Nxd4 Nf6 5. Nc3 a6 6. Bc4 e6 7. Be3 b5 8. Bb3 b4 9. Ba4+ Bd7 10. Bxd7+ Qxd7 11. Nce2 Nxe4 12. f3 Nf6 13. Qd2 d5 14. Bg5 Nc6 15. O-O-O Rc8 16. Rhe1 Be7 17. g4 h6 18. Bxf6 Bxf6 19. Kb1 a5 20. Nxc6 Qxc6 21. Nd4 Qc4 22. Nb3 a4 23. Na5 Qc5 24. Nb7 Qc7 25. Qxb4 Qxc2+ 26. Ka1 Be7 27. Nd6+ Bxd6 28. Qxd6 Rd8 29. Qb4 Rc8 30. Qb5+ Kd8 31. Qb6+ Kd7 32. Qb4 Rhd8 33. Qb5+ Qc6 34. Qd3 g6 35. h4 Rc7 36. Qd2 h5 37. gxh5 gxh5 38. Qh6 Rdc8 39. Qh7 Qc1+ 40. Rxc1 Rxc1+ 41. Rxc1 Rxc1+ 42. Qb1 Rxb1+ 43. Kxb1 Kc6 44. Kc2 Kc5 45. Kd3 e5 46. Kc3 f5 47. Kd3 Kb4 48. Kc2 Kc4 49. Kd2 d4 50. Kc2 e4 51. fxe4 fxe4 52. b3+ axb3+ 53. axb3+ Kb4 54. Kb2 d3 55. Kc1 Kxb3 56. Kd2 Kb2 57. Kd1 e3 58. Ke1 Kc2 59. Kf1 d2 60. Ke2 d1=Q+ 61. Kxe3 Qg4 0-1

[Event "V Floripa Chess Open 2019"]
[Site "Florianopolis/SC"]
[Date "2019.01.23"]
[Round "4.158"]
[White "Boghi, Victor Almeida"]
[Black "Rosa, Gabriel Redon"]
[Result "0-1"]
[WhiteElo "1721"]
[BlackElo "1469"]
[PlyCount "79"]
[EventDate "2019.01.21"]
[EventRounds "10"]
[EventCountry "BRA"]

1. c4 Nf6 2. b4 e6 3. a3 b6 4. Nf3 Bb7 5. Nc3 c5 6. b5 Be7 7. e3 O-O 8. Be2 Qc7 9. O-O d5 10. cxd5 Nxd5 11. Bb2 Nd7 12. Rc1 Rfd8 13. d4 Rac8 14. dxc5 Nxc5 15. Nxd5 Bxd5 16. Qd4 Bf6 17. Qb4 Bxb2 18. Qxb2 Qb7 19. Qb1 f5 20. Rfd1 Ne4 21. Rd3 Rxc1+ 22. Qxc1 Rc8 23. Qb2 Rc5 24. Nd2 h6 25. f3 Nxd2 26. Rxd2 Qc7 27. Bd3 Rc3 28. Rc2 Rxc2 29. Qxc2 Qe5 30. e4 fxe4 31. Bxe4 Bxe4 32. Qxe4 Qc5+ 33. Kf1 Qxb5+ 34. Kf2 Qd5 35. Qxd5 exd5 36. Ke3 Kf7 37. Kd4 Ke6 38. g4 g5 39. a4 a6 40. h3 0-1

[Event "V Floripa Chess Open 2019"]
[Site "Florianopolis/SC"]
[Date "2019.01.23"]
[Round "4.159"]
[White "Seiffert, Gabriel Pamplona"]
[Black "Do Prado, Hamilton Mesquita"]
[Result "1-0"]
[WhiteElo "1436"]
[BlackElo "1713"]
[PlyCount "123"]
[EventDate "2019.01.21"]
[EventRounds "10"]
[EventCountry "BRA"]

1. d4 Nf6 2. c4 d6 3. Nc3 Nbd7 4. e4 e5 5. Nge2 Be7 6. f3 c6 7. Be3 Qc7 8. Qd2 a6 9. g4 b5 10. cxb5 axb5 11. Ng3 Nb6 12. Nf5 Bxf5 13. gxf5 Nc4 14. Bxc4 bxc4 15. dxe5 dxe5 16. O-O-O Bb4 17. Kb1 Qa5 18. a3 Bxc3 19. Qxc3 Qxc3 20. bxc3 Rxa3 21. Kb2 Rb3+ 22. Kc2 O-O 23. Rd6 Rfb8 24. Rhd1 Rb2+ 25. Kc1 Rb1+ 26. Kd2 Rxd1+ 27. Kxd1 h6 28. Rxc6 Rb2 29. Bd2 Rb1+ 30. Bc1 Nh5 31. Kc2 Ra1 32. Rxc4 Ra2+ 33. Bb2 Kf8 34. Kb3 Ra8 35. Rb4 Nf4 36. c4 f6 37. c5 Nd3 38. Rb5 Rc8 39. Ba3 Ke8 40. Kc4 Ne1 41. Rb7 Nxf3 42. Rxg7 Nd2+ 43. Kd5 Rd8+ 44. Ke6 Kf8 45. Rf7+ Kg8 46. c6 Nxe4 47. Rf8+ Rxf8 48. Bxf8 Kxf8 49. c7 Nc5+ 50. Kd6 Nb7+ 51. Kd7 Nc5+ 52. Kc6 Ne4 53. c8=Q+ Kg7 54. Qd7+ Kg8 55. Qe8+ Kg7 56. Qg6+ Kf8 57. Qxh6+ Kg8 58. Qh4 Ng5 59. Qg3 Kf7 60. h4 Ne4 61. Qg6+ Ke7 62. h5 1-0

[Event "V Floripa Chess Open 2019"]
[Site "Florianopolis/SC"]
[Date "2019.01.23"]
[Round "4.160"]
[White "Brandt, Ladir Albano Becker"]
[Black "Koinski, Carlos Cesar"]
[Result "1/2-1/2"]
[WhiteElo "1710"]
[BlackElo "1462"]
[PlyCount "89"]
[EventDate "2019.01.21"]
[EventRounds "10"]
[EventCountry "BRA"]

1. c4 e6 2. Nc3 c5 3. e4 Nc6 4. d3 e5 5. Nf3 h6 6. Be2 Nf6 7. O-O d6 8. a3 Be7 9. Rb1 O-O 10. b4 Nd4 11. Nxd4 cxd4 12. Nd5 Nxd5 13. cxd5 f5 14. f3 f4 15. Bd2 b5 16. Rc1 Bd7 17. Qb3 Bh4 18. Be1 Qg5 19. Bxh4 Qxh4 20. Rc7 Rf7 21. Rfc1 a6 22. Qd1 Qg5 23. Kh1 h5 24. Bf1 g6 25. R1c2 h4 26. h3 Qg3 27. Qe2 g5 28. Qf2 a5 29. Qxg3 hxg3 30. Kg1 axb4 31. axb4 Kf8 32. Rb2 Ke8 33. Rcc2 Ra4 34. Be2 Ra1+ 35. Bf1 Ke7 36. Ra2 Rb1 37. Rab2 Rxb2 38. Rxb2 Rf8 39. Rb1 Rc8 40. Rb2 Rc1 41. Rb3 Rc2 42. Rb1 Kf6 43. Rb3 Rc1 44. Rb2 Be8 45. Rb3 1/2-1/2

[Event "V Floripa Chess Open 2019"]
[Site "Florianopolis/SC"]
[Date "2019.01.23"]
[Round "4.161"]
[White "Sato, Luiz Henrique Yuzo "]
[Black "Dos Passos, Edinaldo Pincanco"]
[Result "0-1"]
[WhiteElo "1425"]
[BlackElo "1710"]
[PlyCount "68"]
[EventDate "2019.01.21"]
[EventRounds "10"]
[EventCountry "BRA"]

1. d4 Nf6 2. Nf3 d5 3. Bf4 Nc6 4. e3 Bg4 5. c3 e6 6. Bd3 Bd6 7. Bxd6 Qxd6 8. Nbd2 O-O-O 9. e4 dxe4 10. Nxe4 Nxe4 11. Bxe4 e5 12. h3 Bxf3 13. Qxf3 exd4 14. O-O-O Qc5 15. Qg4+ Kb8 16. Qxg7 f6 17. Bxc6 Qxc6 18. Rxd4 Rdg8 19. Rhd1 a6 20. Qe7 Qxg2 21. Qxf6 Qxh3 22. Rd8+ Rxd8 23. Rxd8+ Rxd8 24. Qxd8+ Ka7 25. Qxc7 Qf1+ 26. Kc2 Qxf2+ 27. Kb3 h5 28. Qd7 h4 29. Ka4 Qf3 30. b4 Qxc3 31. b5 axb5+ 32. Qxb5 Qc6 33. Kb4 Qxb5+ 34. Kxb5 h3 0-1

[Event "V Floripa Chess Open 2019"]
[Site "Florianopolis/SC"]
[Date "2019.01.23"]
[Round "4.162"]
[White "Da Silva, Hermes Ludovino"]
[Black "Panazzolo, Paulo Victor"]
[Result "0-1"]
[WhiteElo "1407"]
[BlackElo "1708"]
[PlyCount "34"]
[EventDate "2019.01.21"]
[EventRounds "10"]
[EventCountry "BRA"]

1. d4 f5 2. c4 Nf6 3. Nc3 g6 4. g3 Bg7 5. Bg2 O-O 6. Nf3 d6 7. O-O Nc6 8. a3 e5 9. dxe5 dxe5 10. Qxd8 Rxd8 11. Be3 e4 12. Ne1 Be6 13. b3 Ng4 14. Rc1 Nxe3 15. fxe3 Na5 16. b4 Nxc4 17. Kf2 Nxe3 0-1

[Event "V Floripa Chess Open 2019"]
[Site "Florianopolis/SC"]
[Date "2019.01.23"]
[Round "4.163"]
[White "Maba, Mateus Dos Passos"]
[Black "De Oliveira, Gualter Amelio"]
[Result "1-0"]
[WhiteElo "1705"]
[BlackElo "1455"]
[PlyCount "32"]
[EventDate "2019.01.21"]
[EventRounds "10"]
[EventCountry "BRA"]

1. e4 c5 2. c3 e6 3. f4 a6 4. Nf3 d6 5. Be2 Nc6 6. O-O Nf6 7. d3 Be7 8. Qe1 Qc7 9. b3 O-O 10. Be3 b5 11. g4 d5 12. e5 Nd7 13. Bd2 f6 14. exf6 Nxf6 15. g5 Nd7 16. Qg3 Qd6 1-0

[Event "V Floripa Chess Open 2019"]
[Site "Florianopolis/SC"]
[Date "2019.01.23"]
[Round "4.164"]
[White "Carvalho, Isis"]
[Black "Sanchez, Ivan Roberto"]
[Result "0-1"]
[WhiteElo "1396"]
[BlackElo "1703"]
[PlyCount "112"]
[EventDate "2019.01.21"]
[EventRounds "10"]
[EventCountry "BRA"]

1. Nf3 d5 2. g3 Bf5 3. Bg2 e6 4. O-O h6 5. d3 Nf6 6. Nbd2 Be7 7. Re1 O-O 8. c3 c5 9. a4 Nc6 10. Nh4 Bh7 11. e4 dxe4 12. dxe4 Ne5 13. Qe2 Nd3 14. Rd1 Nxc1 15. Raxc1 Qc7 16. Nc4 Rad8 17. e5 Nd5 18. Qg4 Nb6 19. a5 Nxc4 20. Qxc4 Qxa5 21. Bxb7 Qc7 22. Bg2 Qxe5 23. Nf3 Qb8 24. Ne5 Qxe5 25. Re1 Qd6 26. Ra1 Qb6 27. b3 Bd3 28. Qa4 Bc2 29. Qxa7 Qxa7 30. Rxa7 Bf6 31. Bf3 Bxb3 32. Rc7 Bd5 33. Bxd5 Rxd5 34. c4 Rd2 35. Rf1 Bd4 36. Rc6 Ra8 37. Rb6 Raa2 38. Rb8+ Kh7 39. Rf8 Kg6 40. h4 h5 41. Rh8 Rxf2 42. Rxf2 Rxf2 43. Kh1 Be3 44. Rd8 Rc2 45. Rd3 Bd4 46. Rd1 Rxc4 47. Kg2 Rc3 48. Rd2 e5 49. Ra2 Rc1 50. Ra6+ f6 51. Rc6 c4 52. Kf3 c3 53. Ke2 Rc2+ 54. Kd1 Rg2 55. g4 Rd2+ 56. Kc1 hxg4 0-1

[Event "V Floripa Chess Open 2019"]
[Site "Florianopolis/SC"]
[Date "2019.01.23"]
[Round "4.165"]
[White "Masselli, Eduardo"]
[Black "Stroher, Victor Augusto"]
[Result "1-0"]
[WhiteElo "1700"]
[BlackElo "1451"]
[PlyCount "50"]
[EventDate "2019.01.21"]
[EventRounds "10"]
[EventCountry "BRA"]

1. e4 c5 2. Nf3 Nc6 3. d4 cxd4 4. Nxd4 e5 5. Nb5 a6 6. Nd6+ Bxd6 7. Qxd6 Qf6 8. Qd1 Nge7 9. Nc3 d6 10. Bc4 O-O 11. Be3 Be6 12. Nd5 Bxd5 13. exd5 Na5 14. Be2 b5 15. Qd2 Nxd5 16. Qxd5 Rac8 17. c3 Nc4 18. Bxc4 Rxc4 19. O-O Rg4 20. Rad1 e4 21. f3 exf3 22. Rxf3 Qh4 23. Bf2 Qe7 24. Qxd6 Qe2 25. Re3 Qxb2 1-0

[Event "V Floripa Chess Open 2019"]
[Site "Florianopolis/SC"]
[Date "2019.01.23"]
[Round "4.166"]
[White "Arndt, Claudio Felipe"]
[Black "Machado, Luiz Fernando"]
[Result "0-1"]
[WhiteElo "1693"]
[BlackElo "1446"]
[PlyCount "44"]
[EventDate "2019.01.21"]
[EventRounds "10"]
[EventCountry "BRA"]

1. d4 d5 2. Bf4 Nf6 3. e3 e6 4. c3 Bd6 5. Bxd6 cxd6 6. Nf3 O-O 7. Be2 Nc6 8. O-O Re8 9. a4 a5 10. Na3 Na7 11. Qb3 e5 12. Rac1 Bg4 13. Rfe1 Rb8 14. h3 Bh5 15. Nd2 Bxe2 16. Rxe2 Qd7 17. Nb5 Nxb5 18. axb5 b6 19. Nb1 Rbc8 20. Na3 exd4 21. c4 dxc4 22. Nxc4 d5 0-1

[Event "V Floripa Chess Open 2019"]
[Site "Florianopolis/SC"]
[Date "2019.01.23"]
[Round "4.167"]
[White "Nunes Dos Santos, Rafael"]
[Black "Maciel, Felipe Eduardo Ribe"]
[Result "1-0"]
[WhiteElo "1350"]
[BlackElo "1688"]
[PlyCount "34"]
[EventDate "2019.01.21"]
[EventRounds "10"]
[EventCountry "BRA"]

1. g4 d5 2. Bg2 Bxg4 3. c4 c6 4. cxd5 cxd5 5. Qb3 Qc7 6. Nc3 Nf6 7. Nxd5 Nxd5 8. Bxd5 Nc6 9. Bxf7+ Kd7 10. h3 Bxe2 11. Nxe2 Rb8 12. d3 Qe5 13. Bf4 Qa5+ 14. Kf1 e5 15. Qe6+ Kc7 16. Bg3 Bd6 17. d4 Nd8 1-0

[Event "V Floripa Chess Open 2019"]
[Site "Florianopolis/SC"]
[Date "2019.01.23"]
[Round "4.168"]
[White "Gomes, Marco Tulio Caldeir"]
[Black "Boppre, Afranio Tadeu"]
[Result "1-0"]
[WhiteElo "1678"]
[BlackElo "1436"]
[PlyCount "53"]
[EventDate "2019.01.21"]
[EventRounds "10"]
[EventCountry "BRA"]

1. c4 Nf6 2. Nc3 e5 3. g3 Nc6 4. Bg2 Bc5 5. Nf3 O-O 6. O-O b6 7. Nxe5 Bb7 8. d3 Rb8 9. Nf3 Nd4 10. e4 Re8 11. a3 Nxf3+ 12. Bxf3 a6 13. d4 Nxe4 14. Nxe4 Bxe4 15. dxc5 Bxf3 16. Qxf3 bxc5 17. Rb1 Qf6 18. Qxf6 gxf6 19. Be3 d6 20. b4 Re4 21. Rfc1 d5 22. cxd5 cxb4 23. axb4 Rexb4 24. Rxb4 Rxb4 25. Rxc7 Rb1+ 26. Kg2 Rd1 27. Bh6 1-0

[Event "V Floripa Chess Open 2019"]
[Site "Florianopolis/SC"]
[Date "2019.01.23"]
[Round "4.169"]
[White "Cezar, Ricardo De Almeida"]
[Black "Moretto, Heitor Frainer"]
[Result "1-0"]
[WhiteElo "1675"]
[BlackElo "1426"]
[PlyCount "51"]
[EventDate "2019.01.21"]
[EventRounds "10"]
[EventCountry "BRA"]

1. d4 Nf6 2. Bf4 g6 3. e3 Bg7 4. Nf3 d6 5. h3 O-O 6. Bh2 Re8 7. Be2 Nbd7 8. O-O Ne4 9. c4 e5 10. Nc3 Nxc3 11. bxc3 b6 12. Qb3 f5 13. c5+ Kh8 14. cxd6 cxd6 15. Qd5 Rb8 16. Qxd6 Bb7 17. Qa3 a5 18. Rfd1 Qc7 19. Qb3 Rbc8 20. Rac1 h6 21. Qf7 Kh7 22. Bb5 Red8 23. Bxe5 Nxe5 24. Nxe5 Bd5 25. Qxg6+ Kh8 26. Qxf5 1-0

[Event "V Floripa Chess Open 2019"]
[Site "Florianopolis/SC"]
[Date "2019.01.23"]
[Round "4.170"]
[White "Da Silva Junior, Marco Aurelio"]
[Black "Conrado, Carlos Alberto"]
[Result "1/2-1/2"]
[WhiteElo "1672"]
[BlackElo "1421"]
[PlyCount "45"]
[EventDate "2019.01.21"]
[EventRounds "10"]
[EventCountry "BRA"]

1. b4 d5 2. Bb2 Nf6 3. Nf3 Bg4 4. e3 e6 5. a3 Bd6 6. Be2 Nbd7 7. O-O a6 8. d4 c6 9. Nbd2 Qc7 10. h3 Bf5 11. c4 b5 12. cxb5 cxb5 13. Rc1 Qb8 14. Nb3 O-O 15. Bd3 Bxd3 16. Qxd3 Ne4 17. Rc2 Rc8 18. Rfc1 Rxc2 19. Rxc2 Nb6 20. Nc5 Bxc5 21. dxc5 Nc4 22. a4 Qc7 23. a5 1/2-1/2

[Event "V Floripa Chess Open 2019"]
[Site "Florianopolis/SC"]
[Date "2019.01.23"]
[Round "4.171"]
[White "Eger, Laura Luisa"]
[Black "Moretto, Leticia Soares"]
[Result "1-0"]
[WhiteElo "1662"]
[BlackElo "1384"]
[PlyCount "49"]
[EventDate "2019.01.21"]
[EventRounds "10"]
[EventCountry "BRA"]

1. e4 c5 2. Nf3 g6 3. Bc4 Bg7 4. c3 d6 5. d4 cxd4 6. cxd4 Nc6 7. Nc3 Nf6 8. Bb3 O-O 9. h3 Bd7 10. O-O Rc8 11. Be3 a6 12. Qd2 Na5 13. e5 Nxb3 14. axb3 Ne8 15. Bh6 Qb6 16. Nd5 Qd8 17. Rfe1 Bc6 18. exd6 e6 19. Ne7+ Kh8 20. Nxc8 Qxc8 21. Bxg7+ Kxg7 22. Qe3 Qd7 23. Ne5 Qc8 24. Rac1 Kg8 25. d7 1-0

[Event "V Floripa Chess Open 2019"]
[Site "Florianopolis/SC"]
[Date "2019.01.23"]
[Round "4.172"]
[White "Andersson, Cristian De Oliveir"]
[Black "Dos Anjos, Diovana Ferreira"]
[Result "0-1"]
[WhiteElo "1345"]
[BlackElo "1660"]
[PlyCount "61"]
[EventDate "2019.01.21"]
[EventRounds "10"]
[EventCountry "BRA"]

1. d4 b5 2. e4 Bb7 3. Bd3 e6 4. Nf3 a6 5. Be3 Nf6 6. Nbd2 Be7 7. O-O O-O 8. c3 d6 9. Qc2 h6 10. e5 dxe5 11. dxe5 Nd5 12. Rfe1 Kh8 13. Rad1 c5 14. Be4 Qc7 15. Qc1 Nxe3 16. Rxe3 Nc6 17. Bb1 Rad8 18. Qc2 g6 19. Rde1 Rd5 20. Qe4 Qd8 21. Qf4 Bg5 22. Nxg5 hxg5 23. Qf6+ Qxf6 24. exf6 Rxd2 25. Bxg6 fxg6 26. Rxe6 Rf7 27. Kf1 Kh7 28. R1e3 g4 29. h3 Kh6 30. f4 gxf3 31. Rxf3 0-1

[Event "V Floripa Chess Open 2019"]
[Site "Florianopolis/SC"]
[Date "2019.01.23"]
[Round "4.173"]
[White "Szuba, Joao Gabriel Muniz"]
[Black "Oliveira, Debora Goncalves"]
[Result "1/2-1/2"]
[WhiteElo "1659"]
[BlackElo "1332"]
[PlyCount "68"]
[EventDate "2019.01.21"]
[EventRounds "10"]
[EventCountry "BRA"]

1. e4 e6 2. d3 c5 3. Nf3 g6 4. g3 Bg7 5. Bg2 Nc6 6. O-O Nge7 7. Re1 O-O 8. Nbd2 d6 9. c3 e5 10. a4 h6 11. Nc4 Be6 12. Qc2 f5 13. exf5 gxf5 14. Rb1 Ng6 15. b4 b6 16. b5 Bxc4 17. dxc4 Na5 18. Nd2 Rc8 19. Nb3 Nxb3 20. Qxb3 f4 21. Qc2 Qf6 22. Be4 Kh7 23. gxf4 exf4 24. Bxf4 Qxf4 25. Bxg6+ Kh8 26. Be4 Be5 27. f3 Rg8+ 28. Kh1 Rg5 29. Bd5 Rh5 30. Re2 Rc7 31. Rg1 Rg7 32. Rxg7 Kxg7 33. Rg2+ Rg5 34. Rxg5+ hxg5 1/2-1/2

[Event "V Floripa Chess Open 2019"]
[Site "Florianopolis/SC"]
[Date "2019.01.23"]
[Round "4.174"]
[White "Da Silva, Matheus Lopes"]
[Black "Lopes, Leonardo Borges"]
[Result "1/2-1/2"]
[WhiteElo "1653"]
[BlackElo "1327"]
[PlyCount "61"]
[EventDate "2019.01.21"]
[EventRounds "10"]
[EventCountry "BRA"]

1. b3 b6 2. Bb2 Bb7 3. e3 c5 4. Nf3 Nf6 5. Be2 e6 6. O-O Be7 7. c4 O-O 8. d4 d5 9. dxc5 Bxc5 10. Nbd2 Nbd7 11. a3 dxc4 12. b4 Be7 13. Nxc4 Ne4 14. Nfd2 Ndf6 15. Bf3 Bd5 16. Re1 a5 17. Nxe4 Nxe4 18. Bxe4 Bxe4 19. Qxd8 Raxd8 20. bxa5 bxa5 21. Nxa5 Rb8 22. Re2 Rfc8 23. f3 Bg6 24. Rc1 Rxc1+ 25. Bxc1 Rb1 26. Re1 Bxa3 27. Bd2 Rxe1+ 28. Bxe1 Bd3 29. Bd2 Bb5 30. Nb3 f6 31. Nd4 1/2-1/2

[Event "V Floripa Chess Open 2019"]
[Site "Florianopolis/SC"]
[Date "2019.01.23"]
[Round "4.175"]
[White "De Sousa, Alex Aecio"]
[Black "De Sousa E Silva, Luis Gonzaga"]
[Result "1-0"]
[WhiteElo "1639"]
[BlackElo "1318"]
[PlyCount "45"]
[EventDate "2019.01.21"]
[EventRounds "10"]
[EventCountry "BRA"]

1. c4 Nf6 2. g3 g6 3. Bg2 Bg7 4. Nc3 d6 5. d3 Nbd7 6. e4 O-O 7. Nge2 Rb8 8. O-O e5 9. h3 a6 10. Be3 b6 11. Qd2 Bb7 12. f4 exf4 13. Nxf4 Ne5 14. Nfd5 Nxd5 15. Nxd5 Bxd5 16. cxd5 Qd7 17. Rac1 Rbc8 18. d4 Qb5 19. dxe5 Bxe5 20. Kh2 Qxb2 21. Rc6 a5 22. Rf2 Bf6 23. Rxf6 1-0

[Event "V Floripa Chess Open 2019"]
[Site "Florianopolis/SC"]
[Date "2019.01.23"]
[Round "4.176"]
[White "Souza, Renato Canil De"]
[Black "Neuenfeld, Eduarda"]
[Result "1-0"]
[WhiteElo "1639"]
[BlackElo "1313"]
[PlyCount "82"]
[EventDate "2019.01.21"]
[EventRounds "10"]
[EventCountry "BRA"]

1. d4 d5 2. c4 e6 3. Nc3 Nf6 4. cxd5 exd5 5. Bg5 c6 6. Qc2 Nbd7 7. e3 Bb4 8. Bd3 O-O 9. Bxh7+ Kh8 10. Bd3 Qc7 11. Nge2 b6 12. a3 Bd6 13. Bf4 Bxf4 14. Nxf4 g6 15. Ncxd5 Nxd5 16. Nxd5 Qd6 17. Nf4 Kg7 18. Be4 Bb7 19. h4 Nf6 20. h5 gxh5 21. Nxh5+ Nxh5 22. Rxh5 Rh8 23. Qe2 Rxh5 24. Qxh5 Rh8 25. Qg5+ Kf8 26. O-O-O Bc8 27. Qe5 Qxe5 28. dxe5 Ke7 29. Bxc6 Bf5 30. Rd6 Rh1+ 31. Rd1 Rh8 32. Ba4 Rc8+ 33. Kd2 b5 34. Bb3 Rh8 35. Rc1 Rd8+ 36. Ke2 Bd3+ 37. Ke1 Kd7 38. Bxf7 Rh8 39. Rd1 Rh1+ 40. Kd2 Rxd1+ 41. Kxd1 Bf1 1-0

[Event "V Floripa Chess Open 2019"]
[Site "Florianopolis/SC"]
[Date "2019.01.23"]
[Round "4.177"]
[White "Melo, Danieli De"]
[Black "Scardini, Leonardo"]
[Result "1-0"]
[WhiteElo "1638"]
[BlackElo "1294"]
[PlyCount "73"]
[EventDate "2019.01.21"]
[EventRounds "10"]
[EventCountry "BRA"]

1. d4 d5 2. c4 e6 3. Nc3 Nf6 4. Bg5 a6 5. cxd5 exd5 6. Bxf6 gxf6 7. e3 Bg7 8. Bd3 O-O 9. Qh5 h6 10. Nxd5 f5 11. Bxf5 Bxf5 12. Qxf5 c6 13. Nc3 Re8 14. Nge2 Nd7 15. O-O Nf6 16. Rac1 Qd7 17. Ng3 Qe6 18. Qxe6 Rxe6 19. Na4 Nd5 20. Nc5 Re7 21. Nf5 Rc7 22. Nxg7 Kxg7 23. a3 b6 24. Nd3 f6 25. Rc2 Rac8 26. Rfc1 a5 27. b4 axb4 28. axb4 b5 29. e4 Nb6 30. Nf4 Kf7 31. d5 Nc4 32. f3 Ke7 33. Kf2 Kd6 34. dxc6 Rxc6 35. Rd1+ Ke7 36. Ra2 R6c7 37. Nd5+ 1-0

[Event "V Floripa Chess Open 2019"]
[Site "Florianopolis/SC"]
[Date "2019.01.23"]
[Round "4.178"]
[White "Mariot Vaz, Joao Antonio Bertol"]
[Black "Bonvini, Adriana Tonhati"]
[Result "1-0"]
[WhiteElo "1326"]
[BlackElo "1636"]
[PlyCount "53"]
[EventDate "2019.01.21"]
[EventRounds "10"]
[EventCountry "BRA"]

1. e4 e6 2. d4 d5 3. Nc3 Nf6 4. e5 Nfd7 5. f4 c5 6. Nf3 Nc6 7. Be3 Qb6 8. Qd2 Be7 9. O-O-O c4 10. Be2 Qa5 11. f5 b5 12. fxe6 fxe6 13. Ng5 b4 14. Nxe6 bxc3 15. Nxg7+ Kf7 16. Rhf1+ Kxg7 17. Bh6+ Kg8 18. Qf4 cxb2+ 19. Kb1 Bf6 20. exf6 Kf7 21. Bh5+ Ke6 22. Rde1+ Nce5 23. Rxe5+ Nxe5 24. Qxe5+ Kd7 25. f7 a6 26. Bg4+ Kc6 27. Rf6+ 1-0

[Event "V Floripa Chess Open 2019"]
[Site "Florianopolis/SC"]
[Date "2019.01.23"]
[Round "4.179"]
[White "Santana Magalhaes, Amanda Borges"]
[Black "Borba Da Rosa, Rodrigo"]
[Result "0-1"]
[WhiteElo "1636"]
[BlackElo "1249"]
[PlyCount "40"]
[EventDate "2019.01.21"]
[EventRounds "10"]
[EventCountry "BRA"]

1. e4 e6 2. d4 d5 3. exd5 exd5 4. Bf4 Bd6 5. Bxd6 Qxd6 6. Bd3 Qe7+ 7. Ne2 Nf6 8. Nbc3 O-O 9. O-O Bg4 10. Re1 Nbd7 11. f3 Bh5 12. Nb5 c5 13. Nf4 Qd8 14. Nxh5 Nxh5 15. dxc5 Nxc5 16. Be2 a6 17. Nd4 Re8 18. c3 Nf4 19. Qd2 Qg5 20. Bf1 Nh3+ 0-1

[Event "V Floripa Chess Open 2019"]
[Site "Florianopolis/SC"]
[Date "2019.01.23"]
[Round "4.180"]
[White "Buiar, Maria Eduarda Beral"]
[Black "Belle, Diego Leonardo"]
[Result "1-0"]
[WhiteElo "1315"]
[BlackElo "1633"]
[PlyCount "67"]
[EventDate "2019.01.21"]
[EventRounds "10"]
[EventCountry "BRA"]

1. d4 Nf6 2. Bf4 e6 3. e3 b6 4. Nd2 Bb7 5. Ngf3 Be7 6. h3 Nd5 7. Bh2 c5 8. c3 O-O 9. Bd3 f5 10. e4 fxe4 11. Bxe4 Nc6 12. Ne5 cxd4 13. cxd4 Nxd4 14. Ndf3 Bb4+ 15. Nd2 d6 16. Nef3 Nxf3+ 17. Bxf3 Rb8 18. O-O Bxd2 19. Qxd2 Rxf3 20. gxf3 Qf6 21. Qd1 Qg5+ 22. Kh1 Rf8 23. Rg1 Qh5 24. Rg3 Nf4 25. Kg1 Nxh3+ 26. Kg2 Nf4+ 27. Kg1 a5 28. Qb3 d5 29. Re1 Ba6 30. Qe3 Rf5 31. Rg4 d4 32. Qe4 Nh3+ 33. Kg2 Nf4+ 34. Bxf4 1-0

[Event "V Floripa Chess Open 2019"]
[Site "Florianopolis/SC"]
[Date "2019.01.23"]
[Round "4.181"]
[White "Cordeiro, Yan Henrique"]
[Black "Lanznaster, Joao Vitor"]
[Result "1-0"]
[WhiteElo "1631"]
[BlackElo "1180"]
[PlyCount "61"]
[EventDate "2019.01.21"]
[EventRounds "10"]
[EventCountry "BRA"]

1. e4 c5 2. Nc3 d6 3. f4 e6 4. Nf3 Nc6 5. g3 Bd7 6. Bg2 Be7 7. O-O Nf6 8. d3 a6 9. Ne2 Qb6 10. h3 O-O 11. Kh1 d5 12. e5 Ne8 13. g4 f6 14. Ng3 Qc7 15. Qe1 Qd8 16. c3 fxe5 17. fxe5 Nc7 18. g5 Rb8 19. h4 d4 20. c4 g6 21. Ne4 Rf7 22. Nf6+ Bxf6 23. gxf6 b5 24. h5 bxc4 25. dxc4 Ne8 26. hxg6 hxg6 27. Ng5 Rh7+ 28. Nxh7 Kxh7 29. Qh4+ Kg8 30. f7+ Kf8 31. Qh8+ 1-0

[Event "V Floripa Chess Open 2019"]
[Site "Florianopolis/SC"]
[Date "2019.01.23"]
[Round "4.182"]
[White "Ittner, Emily Caroline"]
[Black "Felix, Luiza De Oliveira"]
[Result "0-1"]
[WhiteElo "1087"]
[BlackElo "1630"]
[PlyCount "78"]
[EventDate "2019.01.21"]
[EventRounds "10"]
[EventCountry "BRA"]

1. c4 c5 2. d3 g6 3. e3 Bg7 4. Nf3 Nc6 5. Be2 e6 6. e4 Nge7 7. O-O O-O 8. Nbd2 d6 9. Rb1 a6 10. a3 Qc7 11. b4 b6 12. Bb2 f6 13. Qc2 cxb4 14. axb4 Nxb4 15. Qc3 Nec6 16. Ba3 a5 17. Nd4 Nxd4 18. Qxd4 f5 19. Qe3 Nc2 20. Qf3 fxe4 21. Qxe4 Nxa3 22. Rb3 Nc2 23. Bf3 Rb8 24. Rc1 Nd4 25. Rbb1 Bb7 26. Qg4 Nxf3+ 27. Nxf3 Bxf3 28. Qxe6+ Kh8 29. gxf3 Rxf3 30. Qg4 Qf7 31. Rf1 Rf8 32. Qh4 Rf4 33. Qg3 Bd4 34. Kg2 Rxf2+ 35. Rxf2 Qxf2+ 36. Qxf2 Rxf2+ 37. Kg3 Rf5 38. h4 a4 39. Rb3 axb3 0-1

[Event "V Floripa Chess Open 2019"]
[Site "Florianopolis/SC"]
[Date "2019.01.23"]
[Round "4.183"]
[White "De Souza, Lucio Teixeira"]
[Black "Rahn, Marlon Cristiano"]
[Result "1-0"]
[WhiteElo "1626"]
[BlackElo "1057"]
[PlyCount "71"]
[EventDate "2019.01.21"]
[EventRounds "10"]
[EventCountry "BRA"]

1. e4 c5 2. Nf3 Nc6 3. d4 cxd4 4. Nxd4 e5 5. Nb5 a6 6. Nd6+ Bxd6 7. Qxd6 Qe7 8. Qd1 Nf6 9. Nc3 Nxe4 10. Nxe4 Qb4+ 11. Nc3 O-O 12. a3 Qc5 13. Be3 Nd4 14. Bd3 d5 15. O-O Be6 16. Qh5 e4 17. Bxe4 dxe4 18. Qxc5 Nxc2 19. Rac1 Rac8 20. Qg5 h6 21. Qg3 Nxe3 22. Qxe3 f5 23. f3 Bc4 24. Rf2 exf3 25. Rxf3 Rf6 26. Re1 Re6 27. Qxe6+ Bxe6 28. Rxe6 Kf7 29. Rfe3 Rc7 30. h3 h5 31. Nd5 Rc1+ 32. Kh2 Rc2 33. Re2 Rc5 34. Re7+ Kg6 35. Nf4+ Kh6 36. Rxg7 1-0